000 01168aam a2200289 4500
001 19840
003 CO-MdFUSB
005 20180622170015.0
008 170522t1955 enk||||f |||| 00| 0 eng d
040 _aCO-MdFUSB
_bspa
_cCO-MdFUSB
_dCO-MdFUSB
_erda
041 _aeng
082 _224
_aG 261.7
_bP238c
100 1 _aParker, T. M.
_eautor
245 0 0 _aChristianity & the state in the light of history
_c/ T. M. Parker
_b:
264 1 _aLondon :
_bAdam and Charles Black,
_c℗1955
300 _a178 páginas
_b:
_c;
336 _2rdacontent
_a1
_ba1
337 _2rdamedia
_a2
_b5
338 _2rdacarrier
_a2
_b5
490 4 _aThe Bampton Lectures
500 _aIncluye índice (p. 173-178)
505 0 0 _aConcepciones bíblicas de la iglesia y el estado - La iglesia pre-constantiniana - La revolución de Constantino y el imperio romano cristiano - Teocracia bizantino - La iglesia occidental y el mundo post-romano - El intento medieval en la teocracia pontificia - La desintegración del mundo medieval - Eclesiología de la Reforma y el estado
563 _aPasta dura
650 7 _9288
_aIglesia y Estado
942 _cBK
999 _c46198
_d46198